Estadísticas para ¿Qué País? #2

Haz click aquí para intentar la prueba.

Estadísticas generales

  • Esta prueba ha sido intentada 55 veces
  • La puntuación promedio es 35 de 45

Estadísticas de respuestas

PreguntaAzulejoSelect% Correcto
Selecciona los Países con costaBotsuanaNo
94%
Selecciona los países que estén dentro de la unión EuropeaFrancia
94%
Selecciona los países que estén dentro de la unión EuropeaPortugal
94%
Selecciona los Países con costaTúnez
94%
Selecciona los Países con costaCroacia
92%
Selecciona los países que estén dentro de la unión EuropeaBielorrusiaNo
90%
Selecciona los Países con costaChadNo
90%
Selecciona los países que tengan costa en el océano ÍndicoIndia
90%
Selecciona los países que tiene territorio en el círculo polar árticoMongoliaNo
90%
Selecciona los países que tiene territorio en el círculo polar árticoRusia
88%
Selecciona los países que formaron parte de la Unión SoviéticaRusia
88%
Selecciona los países que tiene territorio en el círculo polar árticoChinaNo
86%
Selecciona los países que tiene territorio en el círculo polar árticoEstoniaNo
86%
Selecciona los países que tengan costa en el océano ÍndicoNamibiaNo
86%
Selecciona los países que tiene territorio en el círculo polar árticoCanadá
84%
Selecciona los países que estén dentro de la unión EuropeaEslovenia
84%
Selecciona los países que tiene territorio en el círculo polar árticoNoruega
84%
Selecciona los países que formaron parte de la Unión SoviéticaUzbekistán
82%
Selecciona los países que tengan costa en el océano ÍndicoMadagascar
80%
Selecciona los países que formaron parte de la Unión SoviéticaRepública ChecaNo
80%
Selecciona los Países con costaMaliNo
78%
Selecciona los países que formaron parte de la Unión SoviéticaTayikistán
78%
Selecciona los países que tiene territorio en el círculo polar árticoDinamarca
76%
Selecciona los Países con costaLaosNo
75%
Selecciona los países que formaron parte de la Unión SoviéticaMongoliaNo
75%
Selecciona los países que tengan costa en el océano ÍndicoOmán
75%
Selecciona los países que formaron parte de la Unión SoviéticaFinlandiaNo
73%
Selecciona los países que tiene territorio en el círculo polar árticoReino UnidoNo
73%
Selecciona los países que formaron parte de la Unión SoviéticaSerbiaNo
73%
Selecciona los países que estén dentro de la unión EuropeaSuizaNo
73%
Selecciona los países que estén dentro de la unión EuropeaBulgaria
71%
Selecciona los países que tengan costa en el océano ÍndicoChinaNo
71%
Selecciona los países que estén dentro de la unión EuropeaSerbiaNo
71%
Selecciona los países que tengan costa en el océano ÍndicoSomalia
71%
Selecciona los Países con costaBosnia Herzegovina
69%
Selecciona los países que tengan costa en el océano ÍndicoComoras
69%
Selecciona los países que tiene territorio en el círculo polar árticoEE.UU.
69%
Selecciona los países que tengan costa en el océano ÍndicoTaiwánNo
69%
Selecciona los países que formaron parte de la Unión SoviéticaAfganistánNo
67%
Selecciona los países que formaron parte de la Unión SoviéticaMoldavia
61%
Selecciona los Países con costaAzerbaiyánNo
59%
Selecciona los países que estén dentro de la unión EuropeaNoruegaNo
57%
Selecciona los países que estén dentro de la unión EuropeaIslandiaNo
53%
Selecciona los países que tengan costa en el océano ÍndicoCamboyaNo
51%
Selecciona los Países con costaRepública Democrática del Congo
51%

Distribución de puntuación

Porcentaje por número respondido

Porcentaje de gente con cada puntuación

Historial de tus puntuaciones

No has intentado esta prueba.